[Event "Stay Safe Play From Home 151"]
[Site "T#646137Emanuel Laske"]
[Date "2020.05.17"]
[Round "8"]
[White "Sfantul321"]
[Black "Castlingarrocco"]
[Result "1-0"]
[WhiteElo "2013"]
[BlackElo "2038"]
[Annotator "NA"]
[PlyCount "43"]
[EventDate "2020.05.17"]
[EventType "swiss (blitz)"]
[TimeControl "60"]

1. c4 {[%emt 0:00:00]} c6 {[%emt 0:00:01]} 2. Nc3 {[%emt 0:00:00]} d5 {[%emt 0:00:00]} 3. cxd5 {[%emt 0:00:00]} cxd5 {[%emt 0:00:00]} 4. d4 {[%emt 0:00:00]} e6 {[%emt 0:00:00]} 5. Nf3 {[%emt 0:00:00]} f5 {[%emt 0:00:00]} 6. Bf4 {[%emt 0:00:01]} Nf6 {[%emt 0:00:01]} 7. e3 {[%emt 0:00:00]} Bd6 {[%emt 0:00:01]} 8. Bb5+ {[%emt 0:00:01]} Nc6 {[%emt 0:00:01]} 9. Bxc6+ {[%emt 0:00:01]} bxc6 {[%emt 0:00:00]} 10. Bxd6 {[%emt 0:00:01]} Qxd6 {[%emt 0:00:01]} 11. Ne5 {[%emt 0:00:00]} Ba6 {[%emt 0:00:01]} 12. Qa4 {[%emt 0:00:03]} Bb7 {[%emt 0:00:06]} 13. O-O {[%emt 0:00:01]} O-O {[%emt 0:00:01]} 14. Rac1 {[%emt 0:00:01]} Rfc8 {[%emt 0:00:02]} 15. Rc2 {[%emt 0:00:01]} Ne4 {[%emt 0:00:01]} 16. Nxe4 {[%emt 0:00:01]} fxe4 {[%emt 0:00:00]} 17. Rfc1 {[%emt 0:00:01]} Rc7 {[%emt 0:00:01]} 18. Nxc6 {[%emt 0:00:02]} Rac8 {[%emt 0:00:02]} 19. Ne7+ {[%emt 0:00:03]} Qxe7 {[%emt 0:00:04]} 20. Rxc7 {[%emt 0:00:02]} Rxc7 {[%emt 0:00:00]} 21. Rxc7 {[%emt 0:00:01]} Qxc7 {[%emt 0:00:01]} 22. Qe8# {[%emt 0:00:01] (Lag: Av=0.28s, max=0.6s)} 1-0

[Event "Stay Safe Play From Home 151"]
[Site "T#646137Emanuel Laske"]
[Date "2020.05.17"]
[Round "8"]
[White "MartinKestler"]
[Black "Little champs"]
[Result "1/2-1/2"]
[WhiteElo "1902"]
[BlackElo "2169"]
[Annotator "RC"]
[PlyCount "115"]
[EventDate "2020.05.17"]
[EventType "swiss (blitz)"]

1. Nf3 {[%emt 0:00:01]} c5 {[%emt 0:00:01]} 2. b3 {[%emt 0:00:00]} d6 {[%emt 0:00:01]} 3. Bb2 {[%emt 0:00:00]} Nf6 {[%emt 0:00:01]} 4. e3 {[%emt 0:00:00]} g6 {[%emt 0:00:01]} 5. d4 {[%emt 0:00:00]} Bg7 {[%emt 0:00:00]} 6. dxc5 {[%emt 0:00:00]} Qa5+ {[%emt 0:00:01]} 7. Nbd2 {[%emt 0:00:01]} Qxc5 {[%emt 0:00:01]} 8. Be2 {[%emt 0:00:00]} O-O {[%emt 0:00:01]} 9. O-O {[%emt 0:00:00]} Nc6 {[%emt 0:00:01]} 10. a3 {[%emt 0:00:01]} a5 {[%emt 0:00:01]} 11. b4 {[%emt 0:00:00]} axb4 {[%emt 0:00:01]} 12. axb4 {[%emt 0:00:00]} Rxa1 {[%emt 0:00:01]} 13. bxc5 {[%emt 0:00:00]} Rxd1 {[%emt 0:00:02]} 14. Rxd1 {[%emt 0:00:00]} dxc5 {[%emt 0:00:00]} 15. Nc4 {[%emt 0:00:01]} Rd8 {[%emt 0:00:02]} 16. Rxd8+ {[%emt 0:00:01]} Nxd8 {[%emt 0:00:01]} 17. h3 {[%emt 0:00:02]} Nd5 {[%emt 0:00:01]} 18. Bxg7 {[%emt 0:00:01]} Kxg7 {[%emt 0:00:01]} 19. Na5 {[%emt 0:00:01]} b6 {[%emt 0:00:01]} 20. Nb3 {[%emt 0:00:02]} f6 {[%emt 0:00:01]} 21. Nfd2 {[%emt 0:00:01]} Ne6 {[%emt 0:00:01]} 22. Bf3 {[%emt 0:00:01]} Ndc7 {[%emt 0:00:03]} 23. Nc4 {[%emt 0:00:01]} b5 {[%emt 0:00:02]} 24. Nca5 {[%emt 0:00:01]} c4 {[%emt 0:00:01]} 25. Nd2 {[%emt 0:00:01]} Ng5 {[%emt 0:00:02]} 26. Be2 {[%emt 0:00:01]} Bf5 {[%emt 0:00:01]} 27. c3 {[%emt 0:00:01]} Nd5 {[%emt 0:00:01]} 28. f4 {[%emt 0:00:06]} Nxc3 {[%emt 0:00:01]} 29. Bf3 {[%emt 0:00:02]} Nxf3+ {[%emt 0:00:01]} 30. Nxf3 {[%emt 0:00:00]} Nb1 {[%emt 0:00:01]} 31. Nd4 {[%emt 0:00:01]} c3 {[%emt 0:00:01]} 32. Nab3 {[%emt 0:00:03]} c2 {[%emt 0:00:01]} 33. Nxb5 {[%emt 0:00:01]} Be6 {[%emt 0:00:03]} 34. Nc1 {[%emt 0:00:02]} Nc3 {[%emt 0:00:03]} 35. Nd4 {[%emt 0:00:01]} Bc4 {[%emt 0:00:01]} 36. Nxc2 {[%emt 0:00:01]} e5 {[%emt 0:00:00]} 37. fxe5 {[%emt 0:00:01]} fxe5 {[%emt 0:00:01]} 38. Ne1 {[%emt 0:00:00]} Ne2+ {[%emt 0:00:01]} 39. Nxe2 {[%emt 0:00:01]} Bxe2 {[%emt 0:00:00]} 40. Kf2 {[%emt 0:00:00]} Bc4 {[%emt 0:00:00]} 41. Nf3 {[%emt 0:00:00]} Kf6 {[%emt 0:00:00]} 42. Nd2 {[%emt 0:00:01]} Bd3 {[%emt 0:00:01]} 43. Nf3 {[%emt 0:00:01]} Be4 {[%emt 0:00:01]} 44. Nd2 {[%emt 0:00:01]} Bc6 {[%emt 0:00:01]} 45. g3 {[%emt 0:00:00]} Kg5 {[%emt 0:00:00]} 46. Nf3+ {[%emt 0:00:01]} Bxf3 {[%emt 0:00:01]} 47. Kxf3 {[%emt 0:00:01]} Kf5 {[%emt 0:00:00]} 48. e4+ {[%emt 0:00:01]} Kg5 {[%emt 0:00:01]} 49. Ke3 {[%emt 0:00:01]} h5 {[%emt 0:00:01]} 50. Kf3 {[%emt 0:00:00]} Kf6 {[%emt 0:00:01]} 51. h4 {[%emt 0:00:01]} Ke6 {[%emt 0:00:01]} 52. Ke3 {[%emt 0:00:01]} Kd6 {[%emt 0:00:00]} 53. Kd3 {[%emt 0:00:00]} Kc5 {[%emt 0:00:00]} 54. Kc3 {[%emt 0:00:00]} Kb5 {[%emt 0:00:00]} 55. Kb3 {[%emt 0:00:00]} Kc5 {[%emt 0:00:01]} 56. Kc3 {[%emt 0:00:00]} Kb5 {[%emt 0:00:01]} 57. Kb3 {[%emt 0:00:00]} Kc5 {[%emt 0:00:02]} 58. Kc3 {[%emt 0:00:00] (Lag: Av=0.82s, max=7.3s)} 1/2-1/2

[Event "Stay Safe Play From Home 151"]
[Site "T#646137Emanuel Laske"]
[Date "2020.05.17"]
[Round "8"]
[White "Chase the sun"]
[Black "Edmatuag"]
[Result "1-0"]
[WhiteElo "1873"]
[BlackElo "1632"]
[Annotator "NA RC"]
[PlyCount "57"]
[EventDate "2020.05.17"]
[EventType "swiss (blitz)"]

1. e4 {[%emt 0:00:03]} c5 {[%emt 0:00:01]} 2. Nc3 {[%emt 0:00:01]} f6 {[%emt 0:00:01]} 3. f4 {[%emt 0:00:00]} Nc6 {[%emt 0:00:03]} 4. Nf3 {[%emt 0:00:00]} e5 {[%emt 0:00:01]} 5. Bc4 {[%emt 0:00:02]} Nge7 {[%emt 0:00:03]} 6. fxe5 {[%emt 0:00:01]} Nxe5 {[%emt 0:00:02]} 7. Nxe5 {[%emt 0:00:01]} fxe5 {[%emt 0:00:01]} 8. O-O {[%emt 0:00:00]} d6 {[%emt 0:00:01]} 9. Bf7+ {[%emt 0:00:03]} Kd7 {[%emt 0:00:02]} 10. Nd5 {[%emt 0:00:04]} Nxd5 {[%emt 0:00:04]} 11. Bxd5 {[%emt 0:00:00]} Be7 {[%emt 0:00:01]} 12. Qg4+ {[%emt 0:00:03]} Kc7 {[%emt 0:00:02]} 13. Qxg7 {[%emt 0:00:00]} Re8 {[%emt 0:00:07]} 14. Rf7 {[%emt 0:00:02]} Bd7 {[%emt 0:00:02]} 15. d3 {[%emt 0:00:02]} Bc6 {[%emt 0:00:03]} 16. Bg5 {[%emt 0:00:03]} Bxd5 {[%emt 0:00:02]} 17. Bxe7 {[%emt 0:00:07]} Qd7 {[%emt 0:00:07]} 18. Bxd6+ {[%emt 0:00:03]} Kxd6 {[%emt 0:00:02]} 19. Rxd7+ {[%emt 0:00:01]} Kc6 {[%emt 0:00:01]} 20. Rc7+ {[%emt 0:00:01]} Kb6 {[%emt 0:00:01]} 21. exd5 {[%emt 0:00:03]} Rg8 {[%emt 0:00:02]} 22. Rxb7+ {[%emt 0:00:01]} Ka6 {[%emt 0:00:01]} 23. Rxa7+ {[%emt 0:00:01]} Rxa7 {[%emt 0:00:02]} 24. Qxg8 {[%emt 0:00:01]} Rb7 {[%emt 0:00:01]} 25. d6 {[%emt 0:00:03]} Rxb2 {[%emt 0:00:02]} 26. d7 {[%emt 0:00:01]} Rxc2 {[%emt 0:00:03]} 27. d8=Q {[%emt 0:00:01]} Rd2 {[%emt 0:00:01]} 28. Rb1 {[%emt 0:00:02]} Rxg2+ {[%emt 0:00:02]} 29. Kxg2 {[%emt 0:00:02] Time (Lag: Av=0.40s, max=0.5s)} 1-0

[Event "Stay Safe Play From Home 151"]
[Site "T#646137Emanuel Laske"]
[Date "2020.05.17"]
[Round "8"]
[White "Nagaram"]
[Black "Mandy"]
[Result "1-0"]
[WhiteElo "1728"]
[BlackElo "944"]
[Annotator "NA RC"]
[PlyCount "33"]
[EventDate "2020.05.17"]
[EventType "swiss (blitz)"]

1. e4 {[%emt 0:00:01]} c6 {[%emt 0:00:02]} 2. Nf3 {[%emt 0:00:01]} d5 {[%emt 0:00:00]} 3. exd5 {[%emt 0:00:00]} cxd5 {[%emt 0:00:01]} 4. d4 {[%emt 0:00:00]} Bf5 {[%emt 0:00:01]} 5. c4 {[%emt 0:00:00]} Nf6 {[%emt 0:00:02]} 6. Nc3 {[%emt 0:00:02]} e6 {[%emt 0:00:02]} 7. cxd5 {[%emt 0:00:01]} exd5 {[%emt 0:00:06]} 8. Bf4 {[%emt 0:00:00]} Nbd7 {[%emt 0:00:04]} 9. Nb5 {[%emt 0:00:01]} a6 {[%emt 0:00:02]} 10. Nc7+ {[%emt 0:00:02]} Ke7 {[%emt 0:00:08]} 11. Nxa8 {[%emt 0:00:00]} Qxa8 {[%emt 0:00:02]} 12. Bd3 {[%emt 0:00:01]} g6 {[%emt 0:00:05]} 13. O-O {[%emt 0:00:02]} Nb6 {[%emt 0:00:07]} 14. Bxf5 {[%emt 0:00:02]} gxf5 {[%emt 0:00:02]} 15. Re1+ {[%emt 0:00:00]} Kd8 {[%emt 0:00:08]} 16. Ne5 {[%emt 0:00:01]} Bd6 {[%emt 0:00:02]} 17. Nxf7+ {[%emt 0:00:01] Zeit (Lag: Av=0.64s, max=0.9s)} 1-0

[Event "Stay Safe Play From Home 151"]
[Site "T#646137Emanuel Laske"]
[Date "2020.05.17"]
[Round "8"]
[White "Trotsky"]
[Black "Haxhi Baha"]
[Result "0-1"]
[WhiteElo "1582"]
[BlackElo "1921"]
[Annotator "TA"]
[PlyCount "50"]
[EventDate "2020.05.17"]
[EventType "swiss (blitz)"]

{[%evp 10,50,36,0,0,0,0,-4,7,-29,-13,-154,-108,-162,-157,-147,-74,-193,-148,-310,0,0,0,-231,-246,-271,-272,-258,-256,-435,-273,-353,-346,-962,-465,-3231,-2999,-2199,-1920,-3489,-1025,-29995,-29996]} 1. d4 d5 2. e3 e6 3. c4 c6 4. Nc3 Nf6 5. Nf3 a6 6. Bd3 dxc4 {D45: Semi-Slav: 5 e3.} 7. Bxc4 b5 8. Bd3 Bb7 {The position is equal.} 9. Qc2 c5 {[#]} 10. Ng5 $146 (10. a4 $11) ({Predecessor:} 10. dxc5 Nc6 11. Qe2 Rc8 12. O-O Bxc5 13. Ne4 Be7 14. Nxf6+ Bxf6 15. Rd1 Qb6 16. e4 {½-½ (33) Zlatariu,M (2259)-Cornea,A (2083) ICCF email 2015}) 10... h6 11. Nxe6 (11. Nge4 $17) 11... fxe6 $19 12. Bg6+ {[#]} Ke7 ({Black should play} 12... Kd7 $1 13. dxc5 Bxc5) 13. Bd2 (13. O-O $17 {keeps fighting.}) 13... cxd4 14. Ne4 $2 (14. Ne2 $17 {might work better.}) 14... dxe3 $2 (14... Bxe4 $19 15. Bxe4 Nxe4 16. Qxe4 Qd5) 15. Bb4+ $11 Kd7 16. Rd1+ $2 {[#]} (16. Nxf6+ $1 $11 {and White stays safe.} Qxf6 17. O-O-O+ Bd5 18. Rxd5+ (18. Ba5 $2 Nc6 $19) 18... exd5 19. Bf5+ Ke8 20. Bg6+ Kd8 21. Ba5+ Kd7 22. Bf5+ Ke8 23. Bg6+ Kd7 24. Bf5+ Ke8 25. Bg6+ Ke7 26. Bb4+ Kd7 27. Bf5+ Ke8 28. Bg6+ Kd8 29. Ba5+ Kd7) 16... Nd5 $1 $19 17. Nc5+ Bxc5 $1 18. Bxc5 exf2+ 19. Kf1 $2 (19. Bxf2 Qa5+ 20. Rd2) 19... Qg5 {And now ...Rc8 would win.} 20. Be4 Rc8 21. Qd3 $2 (21. Qxf2 Kc7 22. h4) 21... Ke8 (21... Rxc5 $142 22. Qg3 Qf6 23. Qxf2 Rc4) 22. Be3 (22. h4 $142 Qf4 23. Bg6+ Kd8 24. Bxf2) 22... Nxe3+ 23. Kxf2 Qf4+ 24. Ke2 Qxe4 25. Qd7+ Nxd7 {Accuracy: White = 14%, Black = 59%.} 0-1

[Event "Stay Safe Play From Home 151"]
[Site "T#646137Emanuel Laske"]
[Date "2020.05.17"]
[Round "9"]
[White "XShot"]
[Black "Sfantul321"]
[Result "1-0"]
[WhiteElo "2468"]
[BlackElo "2031"]
[Annotator "NA"]
[PlyCount "103"]
[EventDate "2020.05.17"]
[EventType "swiss (blitz)"]

1. d4 {[%emt 0:00:01]} g6 {[%emt 0:00:00]} 2. Nf3 {[%emt 0:00:00]} Bg7 {[%emt 0:00:00]} 3. Nc3 {[%emt 0:00:00]} d6 {[%emt 0:00:00]} 4. e4 {[%emt 0:00:01]} Nf6 {[%emt 0:00:00]} 5. Be2 {[%emt 0:00:02]} O-O {[%emt 0:00:01]} 6. h3 {[%emt 0:00:00]} b6 {[%emt 0:00:02]} 7. O-O {[%emt 0:00:00]} Bb7 {[%emt 0:00:00]} 8. Bd3 {[%emt 0:00:01]} Nbd7 {[%emt 0:00:01]} 9. Re1 {[%emt 0:00:01]} e5 {[%emt 0:00:01]} 10. dxe5 {[%emt 0:00:00]} Nxe5 {[%emt 0:00:01]} 11. Nxe5 {[%emt 0:00:01]} dxe5 {[%emt 0:00:00]} 12. Qf3 {[%emt 0:00:01]} h6 {[%emt 0:00:01]} 13. Be3 {[%emt 0:00:01]} Kh7 {[%emt 0:00:01]} 14. Rad1 {[%emt 0:00:01]} Qe7 {[%emt 0:00:01]} 15. g4 {[%emt 0:00:04]} c6 {[%emt 0:00:03]} 16. Ne2 {[%emt 0:00:01]} Nd7 {[%emt 0:00:01]} 17. Ng3 {[%emt 0:00:01]} Nc5 {[%emt 0:00:02]} 18. Bxc5 {[%emt 0:00:01]} Qxc5 {[%emt 0:00:01]} 19. h4 {[%emt 0:00:01]} Rae8 {[%emt 0:00:04]} 20. c3 {[%emt 0:00:01]} Qe7 {[%emt 0:00:02]} 21. h5 {[%emt 0:00:02]} c5 {[%emt 0:00:01]} 22. Bc2 {[%emt 0:00:01]} Qg5 {[%emt 0:00:03]} 23. Ba4 {[%emt 0:00:02]} Rd8 {[%emt 0:00:02]} 24. Rd7 {[%emt 0:00:02]} Rxd7 {[%emt 0:00:01]} 25. Bxd7 {[%emt 0:00:00]} Rd8 {[%emt 0:00:01]} 26. Qxf7 {[%emt 0:00:02]} Qf4 {[%emt 0:00:05]} 27. hxg6+ {[%emt 0:00:03]} Kh8 {[%emt 0:00:01]} 28. Nh5 {[%emt 0:00:04]} Qxf7 {[%emt 0:00:02]} 29. gxf7 {[%emt 0:00:00]} Rxd7 {[%emt 0:00:01]} 30. Ng3 {[%emt 0:00:01]} Rxf7 {[%emt 0:00:01]} 31. Nf5 {[%emt 0:00:00]} Bc8 {[%emt 0:00:01]} 32. Rd1 {[%emt 0:00:02]} Bxf5 {[%emt 0:00:01]} 33. gxf5 {[%emt 0:00:00]} Bf6 {[%emt 0:00:01]} 34. Rd6 {[%emt 0:00:01]} Kg7 {[%emt 0:00:01]} 35. Re6 {[%emt 0:00:01]} Rc7 {[%emt 0:00:01]} 36. Kg2 {[%emt 0:00:01]} b5 {[%emt 0:00:01]} 37. b3 {[%emt 0:00:01]} b4 {[%emt 0:00:01]} 38. c4 {[%emt 0:00:01]} h5 {[%emt 0:00:02]} 39. Kh3 {[%emt 0:00:01]} h4 {[%emt 0:00:00]} 40. Kg4 {[%emt 0:00:01]} Rd7 {[%emt 0:00:01]} 41. Ra6 {[%emt 0:00:02]} Rd2 {[%emt 0:00:02]} 42. Rxa7+ {[%emt 0:00:01]} Kh6 {[%emt 0:00:01]} 43. Ra6 {[%emt 0:00:01]} Kg7 {[%emt 0:00:01]} 44. Kh5 {[%emt 0:00:01]} Rxf2 {[%emt 0:00:01]} 45. Ra7+ {[%emt 0:00:01]} Kg8 {[%emt 0:00:01]} 46. Kg6 {[%emt 0:00:00]} Bg7 {[%emt 0:00:02]} 47. Ra8+ {[%emt 0:00:01]} Bf8 {[%emt 0:00:01]} 48. f6 {[%emt 0:00:01]} Rg2+ {[%emt 0:00:01]} 49. Kf5 {[%emt 0:00:01]} h3 {[%emt 0:00:01]} 50. Ke6 {[%emt 0:00:01]} Rf2 {[%emt 0:00:01]} 51. f7+ {[%emt 0:00:00]} Kg7 {[%emt 0:00:01]} 52. Ra5 {[%emt 0:00:01] Time} 1-0

[Event "Stay Safe Play From Home 151"]
[Site "T#646137Emanuel Laske"]
[Date "2020.05.17"]
[Round "9"]
[White "Mepe_Nika"]
[Black "Chase the sun"]
[Result "1-0"]
[WhiteElo "2309"]
[BlackElo "1880"]
[Annotator "RC"]
[PlyCount "63"]
[EventDate "2020.05.17"]
[EventType "swiss (blitz)"]

1. c3 {[%emt 0:00:01]} e6 {[%emt 0:00:01]} 2. d4 {[%emt 0:00:02]} f5 {[%emt 0:00:01]} 3. Nd2 {[%emt 0:00:02]} Nf6 {[%emt 0:00:00]} 4. g3 {[%emt 0:00:01]} Be7 {[%emt 0:00:00]} 5. Bg2 {[%emt 0:00:00]} O-O {[%emt 0:00:00]} 6. e4 {[%emt 0:00:00]} fxe4 {[%emt 0:00:01]} 7. Nxe4 {[%emt 0:00:00]} Qe8 {[%emt 0:00:01]} 8. Qc2 {[%emt 0:00:01]} d6 {[%emt 0:00:01]} 9. Ne2 {[%emt 0:00:01]} Nc6 {[%emt 0:00:02]} 10. O-O {[%emt 0:00:01]} e5 {[%emt 0:00:01]} 11. Bg5 {[%emt 0:00:02]} Nxe4 {[%emt 0:00:06]} 12. Bxe7 {[%emt 0:00:00]} Qxe7 {[%emt 0:00:02]} 13. Bxe4 {[%emt 0:00:01]} g6 {[%emt 0:00:01]} 14. d5 {[%emt 0:00:01]} Nd8 {[%emt 0:00:02]} 15. f4 {[%emt 0:00:01]} Bf5 {[%emt 0:00:01]} 16. Rae1 {[%emt 0:00:03]} Bxe4 {[%emt 0:00:05]} 17. Qxe4 {[%emt 0:00:00]} Nf7 {[%emt 0:00:01]} 18. f5 {[%emt 0:00:01]} Ng5 {[%emt 0:00:02]} 19. Qg4 {[%emt 0:00:02]} Kh8 {[%emt 0:00:05]} 20. h4 {[%emt 0:00:02]} Nf7 {[%emt 0:00:04]} 21. fxg6 {[%emt 0:00:01]} Nh6 {[%emt 0:00:01]} 22. Qg5 {[%emt 0:00:02]} Qg7 {[%emt 0:00:02]} 23. Rxf8+ {[%emt 0:00:04]} Rxf8 {[%emt 0:00:00]} 24. h5 {[%emt 0:00:01]} hxg6 {[%emt 0:00:02]} 25. hxg6 {[%emt 0:00:00]} Rf5 {[%emt 0:00:02]} 26. Qd8+ {[%emt 0:00:02]} Rf8 {[%emt 0:00:02]} 27. Qg5 {[%emt 0:00:02]} Rf5 {[%emt 0:00:01]} 28. Qd8+ {[%emt 0:00:03]} Rf8 {[%emt 0:00:01]} 29. Qh4 {[%emt 0:00:01]} Qxg6 {[%emt 0:00:01]} 30. Rf1 {[%emt 0:00:01]} Rg8 {[%emt 0:00:01]} 31. Rf6 {[%emt 0:00:03]} Qh7 {[%emt 0:00:01]} 32. Rxh6 {[%emt 0:00:01] Chase the sun gibt auf (Lag: Av=0.40s, max=0.5s)} 1-0

[Event "Stay Safe Play From Home 151"]
[Site "T#646137Emanuel Laske"]
[Date "2020.05.17"]
[Round "9"]
[White "Indianquant"]
[Black "SoulofWolf"]
[Result "0-1"]
[WhiteElo "2257"]
[BlackElo "2121"]
[Annotator "TA"]
[PlyCount "72"]
[EventDate "2020.05.17"]
[EventType "swiss (blitz)"]

{[%evp 10,72,50,27,16,29,68,54,56,59,152,159,159,82,81,87,629,14,25,-43,-40,-39,0,-40,0,0,0,-46,39,-56,-51,-64,-43,-36,57,-54,-58,-177,-56,-207,-210,-256,-225,-235,-149,-144,-61,-91,329,336,331,325,343,290,304,105,108,114,102,0,125,-45,-17,-118,-114]} 1. Nf3 d6 2. d4 Nd7 3. c4 Ngf6 4. Nc3 g6 5. e4 Bg7 6. e5 dxe5 {E90: King's Indian: Classical: Early deviations and 6 h3.} 7. dxe5 Ng8 8. e6 fxe6 {White is slightly better.} 9. Ng5 {[#]} Nf8 $146 (9... Bxc3+ $14 10. bxc3 c6) ({Predecessor:} 9... Nc5 10. Qxd8+ Kxd8 11. Nf7+ Kd7 12. Nxh8 Bxh8 13. Be3 Bxc3+ 14. bxc3 Ne4 15. O-O-O+ Ke8 {1-0 (27) Minguela Munoz,B (1819)-Hernandez Garcia,C (1727) Madrid 2018}) 10. Qxd8+ $16 Kxd8 11. Bf4 ({Better is} 11. Nf7+ Ke8 12. Nxh8) 11... Nh6 12. O-O-O+ {[%mdl 1024] White has strong compensation.} Ke8 $2 {[%mdl 8192] [#]} (12... Bd7 $16) 13. h3 $2 ({Only move:} 13. Nb5 $18 {[%cal Rb5c7]} Bd7 14. Nxc7+ {[%mdl 64] Double Attack} Kd8 15. Nxa8) 13... c6 $11 14. g4 ({White must play} 14. Re1 $1 $11) 14... e5 $15 15. Be3 Ne6 {[%cal Bf8e6,Be6d4,Bd4f3][%mdl 32]} 16. Nge4 Nd4 17. Ne2 {[%cal Re2d4]} Nf3 18. N2c3 (18. Ng1 $5 {[%cal Rg1f3]} Nd4 19. Ne2 $11) 18... Be6 (18... Nf7 $15) 19. Be2 (19. Bg2 $14 Nd4 20. Nc5) 19... Nd4 20. b3 Nxe2+ 21. Nxe2 Rf8 ({Black should try} 21... Nf7 $15) 22. N2g3 (22. Ng5 $1 $14 Bg8 23. Rd2) 22... Nf7 23. h4 (23. Rd2 $15) 23... h6 (23... Bxg4 $19 24. Rd3 b6) 24. Kc2 $2 {[#]} (24. h5 $15 g5 25. f3) 24... Bxg4 $19 25. Rd2 Bf3 26. Rg1 Rd8 27. Rxd8+ Kxd8 (27... Nxd8 $17 28. Bxa7 Ne6) 28. Nd2 Kc7 $2 {[%mdl 8192]} (28... Bg4 $17 29. f3 Bd7 30. Bxa7 Kc7) 29. Nxf3 $18 Nd6 30. Nd2 Bf6 31. Nde4 Bxh4 32. Nxd6 $2 ({Weaker is} 32. Bxa7 Bxg3 33. Nxg3 b6 $16) (32. Bxh6 $18 {has better winning chances.} Rf3 33. Be3) 32... exd6 $16 33. Ne4 g5 {Black wants to play ...d5.} 34. Ng3 ({Much weaker is} 34. Bxa7 $6 Ra8 $11) ({White should play} 34. Rd1 $16) 34... Rf3 (34... d5 $11 {keeps the balance.}) 35. Nh5 $2 ({Inferior is} 35. Bxa7 b6 $17) (35. Kd3 $16) 35... Bxf2 36. Bxf2 (36. Rf1 $11 {was the only way to keep the balance.} Rxe3 37. Rxf2) 36... Rxf2+ {Accuracy: White = 28%, Black = 37%.} 0-1

[Event "Stay Safe Play From Home 151"]
[Site "T#646137Emanuel Laske"]
[Date "2020.05.17"]
[Round "9"]
[White "Little champs"]
[Black "Edmatuag"]
[Result "0-1"]
[WhiteElo "2158"]
[BlackElo "1625"]
[Annotator "TA"]
[PlyCount "50"]
[EventDate "2020.05.17"]
[EventType "swiss (blitz)"]

{[%evp 9,50,28,28,25,29,12,17,-23,-14,-60,-21,-81,-82,-115,26,-101,36,-96,-90,-80,-73,-77,-98,-201,-114,-192,-166,-171,-195,-354,-345,-341,-344,-563,-386,-496,-438,-570,-551,-1024,-1021,-29998,-29999]} 1. d4 c6 2. e3 Nf6 3. h4 ({Predecessor:} 3. Bd3 d5 4. f4 Bg4 5. Nf3 e6 6. Nbd2 Nbd7 7. c3 Bd6 8. Qc2 Bxf3 9. Nxf3 Qc7 10. Bd2 O-O 11. g4 g6 12. Ng5 {1-0 (59) Bottyan,P (2154)-Urban,G (1979) Slovakia 2019}) 3... g6 4. h5 Bg7 5. hxg6 hxg6 6. Rxh8+ {A40: Unusual replies to 1 d4.} Bxh8 7. Nf3 d6 8. Bc4 {The position is equal.} Bg4 9. Bb3 d5 10. Nbd2 (10. c4 $11) 10... Nbd7 $17 11. c3 {[#]} Ne4 ({Black should try} 11... e5 $1 $17 {[%mdl 512] ...e4 is the strong threat.} 12. Qc2 (12. dxe5 Nxe5) 12... Bf5) 12. Bc2 (12. Nxe4 $11 {keeps the balance.} dxe4 13. Bxf7+ {[%mdl 64] Double Attack} Kf8 14. Bxg6 exf3 15. gxf3 (15. Qb3 e6 $17)) 12... e5 (12... f5 $1 $17 13. Qe2 e5) 13. Nxe4 (13. Bxe4 $14 {was the only good move.} dxe4 14. Nxe4) 13... dxe4 14. Bxe4 {[#]} f5 $1 {[%cal Rf5e4]} 15. Qb3 {Black must now prevent Bc2.} fxe4 16. Qg8+ {[#]} (16. Nh2 $17 Bf5 17. g4) 16... Nf8 (16... Ke7 $1 $19 17. Qh7+ Kd6 18. Qxg6+ Be6) 17. Qxh8 (17. Nh2 $17 {is a better defense.} Qh4 18. Nxg4) 17... exf3 $19 18. Qxe5+ Qe7 {Hoping for ...Qxe5.} 19. gxf3 $2 (19. Qf4 {was called for.} Bh5 20. g4) 19... Qxe5 ({Resist} 19... Bxf3 20. Qf4 $19) 20. dxe5 Bxf3 21. Bd2 $2 (21. e4) 21... O-O-O 22. c4 Ne6 23. Bc3 Nc5 24. b3 Ne4 {( -> ...Rh8)} 25. Bd4 Rh8 {Accuracy: White = 16%, Black = 48%.} 0-1

[Event "Stay Safe Play From Home 151"]
[Site "T#646137Emanuel Laske"]
[Date "2020.05.17"]
[Round "9"]
[White "Lazieri3"]
[Black "Weltszmerc"]
[Result "0-1"]
[WhiteElo "2147"]
[BlackElo "2095"]
[Annotator "TA"]
[PlyCount "108"]
[EventDate "2020.05.17"]
[EventType "swiss (blitz)"]

{[%evp 9,108,-16,-6,-10,-10,-10,-12,-13,0,-13,-14,-25,-14,-13,27,12,21,10,14,0,0,0,0,-91,0,-81,-32,-219,-219,-219,-219,-226,-212,-211,-207,-218,-192,-191,-184,-204,-181,-173,-176,-258,-176,-247,-176,-176,-176,-176,-185,-185,-177,-190,-183,-181,-177,-194,-177,-232,-220,-203,0,0,0,0,0,0,0,0,19,8,49,-8,-5,-5,-19,-31,0,-201,-214,-208,-208,-322,-255,-304,-89,-29954,-6462,-29961,-29962,-10941,-10444,-4134,0,0,0,0,0,0,0]} 1. e4 Nf6 2. Nc3 d5 3. exd5 Nxd5 4. Nxd5 Qxd5 5. Qf3 c6 6. Qxd5 {B02: Alekhine's Defence: Chase Variation and lines with early Nc3.} cxd5 7. d4 Bf5 8. c3 e6 9. Bf4 Nc6 10. Kd2 Be7 11. Bd3 {[#]} Bg4 $146 ({Predecessor:} 11... Bxd3 12. Kxd3 O-O 13. Nf3 Rac8 14. Ne5 Nxe5+ 15. Bxe5 Rfd8 16. Bf4 Bd6 17. Bxd6 {½-½ (17) Saizew,V (1957)-Cornelius,J (2022) Maastricht 2015}) 12. h3 Bh5 13. Ne2 O-O 14. Ng3 Bg6 15. Bxg6 hxg6 16. Rhe1 {[#]} (16. Ne2 $11 {keeps the balance.}) 16... Rac8 (16... g5 $1 $17 {[%cal Rg5f4]} 17. Be3 f5) 17. a3 (17. Ne2 $11) 17... Na5 {Hoping for ...g5.} 18. Nf1 $2 (18. Kc2 $15) 18... Nb3+ 19. Kd3 Nxa1 20. Rxa1 b5 21. Nd2 Rfd8 22. Nf3 Bd6 23. Bxd6 Rxd6 $19 {[%mdl 4096] Endgame KRR-KRN} 24. a4 Rb6 25. axb5 Rxb5 26. b4 (26. Kc2 $142) 26... Rc7 27. Ra3 (27. Nd2 $142) 27... f6 28. Nd2 g5 29. Nb3 Kf7 30. Nc5 Rb6 31. Na6 Rcb7 32. Nc5 {[#]} Re7 $1 33. Ra5 e5 34. Na4 (34. dxe5 $142 fxe5 35. f3) 34... e4+ 35. Ke3 Ke6 $2 ({Better is} 35... Rd6 $19 {And now ...f5 would win.} 36. Nc5 f5) 36. Nxb6 $11 axb6 {KR-KR} 37. Ra6 Rb7 38. b5 f5 39. g3 Kd6 40. Ra8 Rf7 41. Rc8 (41. Rd8+ $14 Ke6 42. Rb8 f4+ 43. Ke2 fxg3 44. Rxb6+ (44. fxg3 Rf3 $14) 44... Ke7 45. fxg3) 41... f4+ 42. gxf4 gxf4+ 43. Ke2 Kd7 (43... Ra7 {looks sharper.} 44. Rd8+ Ke6 45. Re8+ Kd7 46. Re5 Ra2+) 44. Rc6 $2 (44. Ra8 $11 {and White is okay.}) 44... Rf6 $19 45. Rxf6 gxf6 {KP-KP} 46. h4 (46. f3 {was forced.} f5 47. h4) 46... Ke6 47. h5 Kf5 $2 (47... f3+ $19 {has better winning chances.} 48. Ke3 f5) 48. c4 $2 {[%mdl 8192]} (48. Kd2 $17) 48... dxc4 49. d5 c3 50. d6 Ke6 51. h6 c2 $2 (51... f3+ $19 52. Ke3 c2) 52. Kd2 $11 {[#]The position is equal.} e3+ $1 {[%mdl 512]} 53. fxe3 f3 54. h7 c1=Q+ {[%mdl 32768] Accuracy: White = 62%, Black = 67%. . Loss on time!?} 0-1